Statistics for Provinces (Nomes) of Ancient Egypt with a Map

Click here to take the quiz!

General Stats

  • This quiz has been taken 232 times
  • The average score is 14 of 42

Answers on the Map

Answers color-coded by a green-red scale on the quiz's map according to % correct below.
 

Answer Stats

Nomes% Correct
Menu
50%
Bat
46%
Ḥesbu
42%
Khasu'u
42%
Wetjes-Ḥer
42%
Hat Mehit
38%
Sha
37%
Tjeb-Netjer
37%
Ta-Wer
36%
Waset
35%
Imentet
34%
Imty Khenti
33%
Imty Pehu
33%
Inebu-hedj
33%
Input
33%
Kem-Ur
33%
Ma-hedj
33%
Behdet
30%
Djehuti
30%
Ḥui-ges Iabti
30%
Ḥui-ges Imenti
30%
Meseh
30%
Nekhen
30%
Nemti
30%
Nit Mehtet
30%
Nit Resu
30%
Ta-Seti
30%
Dju-fet
29%
N‘art Khentet
29%
N‘art Peḥtet
29%
Nedjfet Khentet
29%
Nedjfet Peḥtet
29%
Netjerui
29%
Sepdju
29%
Wenet
29%
Khenti-Iabti
28%
Mednit
28%
Wabwi
28%
Wadjyt
28%
Andjeti
26%
Ḥeka-Redj
26%
Khepesh
25%

Score Distribution

Percentile by Number Answered

Percent of People with Each Score

Your Score History

You have not taken this quiz